<?xml version="1.0" encoding="UTF-8"?><?xml-stylesheet type="text/xsl" href="static/style.xsl"?><OAI-PMH xmlns="http://www.openarchives.org/OAI/2.0/" xmlns:xsi="http://www.w3.org/2001/XMLSchema-instance" xsi:schemaLocation="http://www.openarchives.org/OAI/2.0/ http://www.openarchives.org/OAI/2.0/OAI-PMH.xsd"><responseDate>2026-06-02T05:56:28Z</responseDate><request verb="GetRecord" identifier="oai:riuma.uma.es:10630/36225" metadataPrefix="marc">https://riuma.uma.es/rest/oai/request</request><GetRecord><record><header><identifier>oai:riuma.uma.es:10630/36225</identifier><datestamp>2026-02-03T11:09:02Z</datestamp><setSpec>com_10630_2254</setSpec><setSpec>col_10630_37953</setSpec></header><metadata><record xmlns="http://www.loc.gov/MARC21/slim" xmlns:dcterms="http://purl.org/dc/terms/" xmlns:doc="http://www.lyncode.com/xoai" xmlns:xsi="http://www.w3.org/2001/XMLSchema-instance" xsi:schemaLocation="http://www.loc.gov/MARC21/slim http://www.loc.gov/standards/marcxml/schema/MARC21slim.xsd">
   <leader>00925njm 22002777a 4500</leader>
   <datafield ind2=" " ind1=" " tag="042">
      <subfield code="a">dc</subfield>
   </datafield>
   <datafield ind2=" " ind1=" " tag="720">
      <subfield code="a">Castro-Martínez, Andrea</subfield>
      <subfield code="e">author</subfield>
   </datafield>
   <datafield ind2=" " ind1=" " tag="720">
      <subfield code="a">Méndez-Domínguez, Paula</subfield>
      <subfield code="e">author</subfield>
   </datafield>
   <datafield ind2=" " ind1=" " tag="720">
      <subfield code="a">Sosa Valcarcel, Aimiris</subfield>
      <subfield code="e">author</subfield>
   </datafield>
   <datafield ind2=" " ind1=" " tag="720">
      <subfield code="a">Castillo-de-Mesa, Joaquín</subfield>
      <subfield code="e">author</subfield>
   </datafield>
   <datafield ind2=" " ind1=" " tag="260">
      <subfield code="c">2021-08-08</subfield>
   </datafield>
   <datafield ind2=" " ind1=" " tag="520">
      <subfield code="a">In a transnational context defined by the irruption of COVID-19 and the social isolation it has generated around the world, social networking sites are essential channels for communicating and developing new forms of social coexistence based on connectivity and interaction. This study analyzes the feelings expressed on Twitter through the hashtags #YoMeQuedoEnCasa, #stayhome, #jeresteàlamaison, #restealamaison, #stoacasa, #restaacasa, #ficaemcasa, #euficoemcasa, #ichbleibezuHause and #Bleibzuhause, and the communicative and social processes articulated from network participation, during the lockdown in 2020. Through Gephi software, the aspects underlying the communicative interaction and the distribution of the network at a global level are studied, with the identification of leaderships, communities and connectivity nodes. As a result of this interaction, the emergence of social and organizational links derived from community participation and motivated by the common interest of preserving health and general wellbeing through collective action is detected. The study notes the presence of feelings of solidarity, a sense of community and social support among connected crowds who, despite being in geographically dispersed settings, share similar concerns about the virus effect.</subfield>
   </datafield>
   <datafield ind1="8" ind2=" " tag="024">
      <subfield code="a">Castro-Martinez, A., Méndez-Domínguez, P., Sosa Valcarcel, A., &amp; Castillo de Mesa, J. (2021). Social Connectivity, Sentiment and Participation on Twitter during COVID-19. International Journal of Environmental Research and Public Health, 18(16), 8390. https://doi.org/10.3390/ijerph18168390</subfield>
   </datafield>
   <datafield ind1="8" ind2=" " tag="024">
      <subfield code="a">https://hdl.handle.net/10630/36225</subfield>
   </datafield>
   <datafield ind1="8" ind2=" " tag="024">
      <subfield code="a">10.3390/ijerph18168390</subfield>
   </datafield>
   <datafield tag="653" ind2=" " ind1=" ">
      <subfield code="a">Pandemia de la Covid-19, 2020- - En los medios de comunicación social</subfield>
   </datafield>
   <datafield ind2="0" ind1="0" tag="245">
      <subfield code="a">Social Connectivity, Sentiment and Participation on Twitter during COVID-19.</subfield>
   </datafield>
</record>
</metadata></record></GetRecord></OAI-PMH>